|
|
|
|
| LEADER |
00000nam0a2200000 4500 |
| 001 |
159038 |
| 005 |
20231101222100.0 |
| 035 |
|
|
|a (RuTPU)RU\TPU\book\172485
|
| 090 |
|
|
|a 159038
|
| 100 |
|
|
|a 20090430d1970 k y0rusy50 ca
|
| 101 |
1 |
|
|a rus
|c eng
|
| 102 |
|
|
|a RU
|
| 105 |
|
|
|a a z 001zy
|
| 200 |
1 |
|
|a Реакции координационных соединений переходных металлов
|e пер. с англ.
|f Дж. Кендлин, К. Тейлор, Д. Томпсон
|
| 210 |
|
|
|a Москва
|c Мир
|d 1970
|
| 215 |
|
|
|a 392 с.
|c черт.
|
| 320 |
|
|
|a Библиогр. в конце разд.
|
| 320 |
|
|
|a Предметный указатель: с. 362-364.
|
| 320 |
|
|
|a Указатель реакций: с. 365-387.
|
| 606 |
1 |
|
|a Металлы переходные
|x Комплексные соединения
|x Химия
|2 stltpush
|3 (RuTPU)RU\TPU\subj\75064
|9 86945
|
| 610 |
1 |
|
|a координационные соединения
|
| 610 |
1 |
|
|a химические реакции
|
| 610 |
1 |
|
|a химическая связь
|
| 610 |
1 |
|
|a классы
|
| 610 |
1 |
|
|a реакционная способность
|
| 610 |
1 |
|
|a стабилизация
|
| 610 |
1 |
|
|a замещение
|
| 610 |
1 |
|
|a неорганические соединения
|
| 610 |
1 |
|
|a органические системы
|
| 675 |
|
|
|a 546.302
|v 3
|
| 700 |
|
1 |
|a Кендлин
|b Дж.
|
| 701 |
|
1 |
|a Тейлор
|b К.
|
| 701 |
|
1 |
|a Томпсон
|b Д.
|
| 801 |
|
1 |
|a RU
|b 63413507
|c 20090430
|g PSBO
|
| 801 |
|
2 |
|a RU
|b 63413507
|c 20210124
|g RCR
|
| 942 |
|
|
|c BK
|